[Event "Cannes Open"]
[Site "Cannes FRA"]
[Date "1990.??.??"]
[Round "1"]
[White "Bouchaud, Vincent"]
[Black "Van Dongen, Patrick"]
[Result "1-0"]
[WhiteElo "2000"]
[BlackElo "2275"]
[PlyCount "73"]
[EventDate "1990.02.??"]
[Source "www.chesslib.no"]
[SourceDate "2004.05.04"]

1. d4 f5 2. g4 fxg4 3. Nc3 d5 4. Bf4 Bf5 5. h3 gxh3 6. Bxh3 e6 7. Bxf5 exf5 8. Qd3 Qd7 9. Nf3 Nc6 10. O-O-O Bb4 11. Qe3+ Nge7 12. Ng5 Bxc3 13. Qxc3 h6 14. Qe3 Nd8 15. Rd3 Rg8 16. Nf3 Ndc6 17. Rc3 O-O-O 18. Ne5 Nxe5 19. Qxe5 Nc6 20. Qe3 Rde8 21. Qd2 g5 22. Bh2 Re4 23. e3 h5 24. b4 Rh4 25. Qe1 f4 26. b5 Na5 27. exf4 Nc4 28. fxg5 Rxg5 29. f4 Rgg4 30. a4 a6 31. Rb3 axb5 32. Rxb5 Rh3 33. f5 Re3 34. Qb4 c6 35. Ra5 Nxa5 36. Qxa5 Qxf5 37. Qc7# 1-0

[Event "HUN-chT3"]
[Site "Hungary"]
[Date "1999.04.25"]
[Round "11"]
[White "Kovacs, Lajos"]
[Black "Radics, Laszlo"]
[Result "1/2-1/2"]
[WhiteElo "2183"]
[BlackElo "2086"]
[PlyCount "101"]
[EventDate "1999.??.??"]
[Source "www.chesslib.no"]
[SourceDate "2004.05.04"]

1. d4 f5 2. g4 fxg4 3. h3 d6 4. e4 gxh3 5. Nc3 Nc6 6. Nxh3 Nf6 7. Bb5 Bg4 8. f3 Bd7 9. Be3 a6 10. Ba4 e5 11. dxe5 Nxe5 12. Bb3 Bxh3 13. Rxh3 Qd7 14. Rh1 O-O-O 15. Rf1 Qh3 16. Qe2 Qg3+ 17. Kd2 d5 18. exd5 Bb4 19. Bd4 Nxd5 20. Qxe5 Qxe5 21. Bxe5 Nxc3+ 22. Kc1 Ne2+ 23. Kb1 Rhf8 24. a3 Bd6 25. Bxg7 Ng3 26. Bxf8 Nxf1 27. Bh6 Bf8 28. Bg5 Rd1+ 29. Ka2 Rxa1+ 30. Kxa1 Kd7 31. Bd5 c6 32. Be4 h5 33. Bf5+ Kc7 34. Bg6 Ng3 35. Bh4 Bd6 36. Ka2 a5 37. Kb3 b5 38. a4 Kd7 39. c4 b4 40. Kc2 c5 41. Kd3 Bc7 42. b3 Ke6 43. Be8 Nf5 44. Bf2 h4 45. f4 h3 46. Bc6 h2 47. Bxc5 Ng3 48. Bd5+ Kd7 49. Ke3 Nf5+ 50. Kf2 Bxf4 51. Bg2 1/2-1/2

[Event "Budapest HUN"]
[Site "?"]
[Date "2004.06.11"]
[Round "7"]
[White "Salewski Bernd"]
[Black "Goodger Martyn"]
[Result "0-1"]
[WhiteElo "2111"]
[BlackElo "2138"]
[PlyCount "80"]
[EventDate "2004.??.??"]
[Source "www.chesslib.no"]
[SourceDate "2004.05.04"]

1. d4 f5 2. g4 fxg4 3. h3 d5 4. hxg4 Bxg4 5. Qd3 Nf6 6. f3 Be6 7. Nh3 Nc6 8. Ng5 Bg8 9. Bf4 Qd7 10. Bh3 e6 11. Qe3 Nd8 12. Bf5 Qe7 13. Bg6+ Kd7 14. Nc3 c6 15. Kf2 Nf7 16. Bxf7 Bxf7 17. Qe5 Rc8 18. Na4 b6 19. c4 h6 20. Bg3 Rg8 21. Nh3 g5 22. c5 b5 23. Nc3 Bg7 24. Qe3 Nh5 25. Be5 g4 26. Nf4 Bxe5 27. Qxe5 Rg5 28. Qe3 e5 29. Nxh5 Bxh5 30. dxe5 Rxe5 31. Qxh6 Qxc5+ 32. e3 g3+ 33. Kg2 Bxf3+ 34. Kxf3 Rf8+ 35. Kg2 Rf2+ 36. Kxg3 Ref5 37. Qg7+ Rf7 38. Qg4+ Kc7 39. Qd4 Qd6+ 40. Kh3 Rh7+ 0-1

[Event "Badalona op"]
[Site "Badalona"]
[Date "1998.??.??"]
[Round "?"]
[White "Ridameya, J."]
[Black "Balague, X."]
[Result "1/2-1/2"]
[WhiteElo "2195"]
[BlackElo "2050"]
[PlyCount "24"]
[EventDate "1998.??.??"]
[Source "www.chesslib.no"]
[SourceDate "2004.05.04"]

1. d4 f5 2. g4 d5 3. g5 c5 4. Bg2 e6 5. c3 Nc6 6. Nf3 Bd6 7. Nbd2 Nge7 8. dxc5 Bxc5 9. Nb3 Bd6 10. Be3 f4 11. Bc5 e5 12. Qd2 Be6 1/2-1/2

[Event "ARG Ch U18"]
[Site "San Jorge"]
[Date "1993.??.??"]
[Round "2"]
[White "Pizarro, Pablo"]
[Black "Massenzano, Gerardo"]
[Result "1/2-1/2"]
[WhiteElo "2050"]
[BlackElo "2190"]
[PlyCount "103"]
[EventDate "1993.??.??"]
[Source "www.chesslib.no"]
[SourceDate "2004.05.04"]

1. d4 f5 2. g4 fxg4 3. h3 d5 4. hxg4 Bxg4 5. Qd3 Qd7 6. Rxh7 Rxh7 7. Qxh7 Nf6 8. Qg6+ Kd8 9. Qf7 Qe8 10. Qxe8+ Kxe8 11. Bf4 c6 12. Nd2 Bf5 13. O-O-O Nbd7 14. Bh3 g6 15. Bg2 Bg7 16. Ngf3 Ne4 17. Nxe4 Bxe4 18. Bh3 Bxf3 19. exf3 Nf8 20. c3 Kf7 21. Re1 Re8 22. Bc7 e6 23. f4 Nd7 24. Bd6 Nf6 25. Be5 Nh5 26. Bxg7 Nxg7 27. Kd2 Rh8 28. Rh1 Kf6 29. Ke3 Rh4 30. Bg2 Rxh1 31. Bxh1 Nf5+ 32. Kf3 Nd6 33. Bg2 Nc4 34. b3 Nd6 35. Ke2 Nb5 36. Kd3 Kf5 37. Bh3+ Kxf4 38. Bxe6 Kf3 39. c4 dxc4+ 40. bxc4 Nd6 41. c5 Ne4 42. Bc8 Nxf2+ 43. Kc4 b5+ 44. cxb6 axb6 45. Bb7 b5+ 46. Kc5 Ne4+ 47. Kxc6 g5 48. d5 g4 49. d6 g3 50. d7 g2 51. d8=Q g1=Q 52. Qd3+ 1/2-1/2

[Event "Arctic Chess Challenge"]
[Site "Tromso NOR"]
[Date "2007.08.10"]
[Round "7"]
[White "Andreassen, L."]
[Black "Brasoy, A."]
[Result "1-0"]
[WhiteElo "2221"]
[BlackElo "1984"]
[PlyCount "37"]
[EventDate "2007.08.04"]
[Source "www.chesslib.no"]
[SourceDate "2004.05.04"]

1. d4 f5 2. g4 fxg4 3. h3 g3 4. fxg3 d5 5. Bg2 Nf6 6. Nc3 Bf5 7. Nf3 e6 8. g4 Be4 9. O-O Bd6 10. Bg5 Nc6 11. Nxe4 dxe4 12. Nd2 Nxd4 13. Nxe4 O-O 14. c3 Nc6 15. Qb3 Qe7 16. Qxb7 Ne5 17. Nxf6+ gxf6 18. Bxf6 Qe8 19. Bxe5 1-0

[Event "WLS-ch"]
[Site "Swansea"]
[Date "2000.??.??"]
[Round "6"]
[White "Cast, Abigail"]
[Black "Davies, Christopher"]
[Result "1/2-1/2"]
[WhiteElo "2133"]
[BlackElo "2065"]
[PlyCount "62"]
[EventDate "2000.??.??"]
[Source "www.chesslib.no"]
[SourceDate "2004.05.04"]

1. d4 f5 2. g4 fxg4 3. Bf4 Nf6 4. h3 g3 5. Bxg3 d5 6. Nc3 Bf5 7. Bg2 e6 8. a3 Bd6 9. Bxd6 Qxd6 10. Nf3 Nbd7 11. Qd2 c6 12. Nh4 O-O-O 13. O-O-O Rhe8 14. Rhg1 g6 15. Qg5 Nh5 16. e3 Nb6 17. f3 Qf8 18. e4 h6 19. Qd2 g5 20. exf5 gxh4 21. fxe6 Rxe6 22. Rde1 Nc4 23. Qf2 Qf4+ 24. Kb1 Rde8 25. Ka2 Ng3 26. Rxe6 Rxe6 27. Bf1 Ne3 28. Bd3 Qxd4 29. Ne2 Nxe2 30. Qxe2 Rf6 31. Rg8+ Kc7 1/2-1/2

[Event "Bohemians women"]
[Site "Prague CZE"]
[Date "1992.??.??"]
[Round "9"]
[White "Modrova, Hana"]
[Black "Van Parreren, Hanneke"]
[Result "0-1"]
[WhiteElo "2050"]
[BlackElo "2135"]
[PlyCount "74"]
[EventDate "1992.??.??"]
[Source "www.chesslib.no"]
[SourceDate "2004.05.04"]

1. d4 f5 2. g4 fxg4 3. e4 d5 4. e5 c5 5. h3 Nc6 6. c3 cxd4 7. cxd4 Qb6 8. Ne2 gxh3 9. Nbc3 Bg4 10. Bxh3 Bxh3 11. Rxh3 O-O-O 12. a3 e6 13. Na4 Qc7 14. b4 b5 15. Rc3 Kd7 16. Nc5+ Bxc5 17. Rxc5 Qb8 18. Qd3 a6 19. Qh3 Nge7 20. Bg5 Rc8 21. Rac1 h6 22. Bxe7 Nxe7 23. Nf4 Qb6 24. Nxd5 Nxd5 25. Rxd5+ Ke7 26. Rxc8 Rxc8 27. Rd6 Qc7 28. Qxe6+ Kf8 29. Qf5+ Kg8 30. Kf1 Qc1+ 31. Kg2 Rf8 32. Qg4 Qc2 33. Qg3 Rf5 34. Qe3 Rg5+ 35. Kf3 Rf5+ 36. Kg3 Rg5+ 37. Kf4 Qf5# 0-1

[Event "NOR-ch U18 int"]
[Site "Lysaker"]
[Date "2002.03.24"]
[Round "2"]
[White "Sterk, Michel"]
[Black "Mohammadi, Amir"]
[Result "1/2-1/2"]
[WhiteElo "2033"]
[BlackElo "2129"]
[PlyCount "114"]
[EventDate "2002.03.23"]
[Source "ChessBase"]
[SourceDate "2002.05.03"]

1. d4 f5 2. g4 fxg4 3. e4 d6 4. h3 g3 5. fxg3 Nf6 6. Nc3 g6 7. Bc4 Nc6 8. Nf3 e6 9. Bb3 Na5 10. Bg5 Nxb3 11. axb3 Be7 12. Bh6 Nh5 13. Ne2 Bf8 14. Be3 b6 15. Qd3 Bb7 16. O-O Be7 17. g4 Ng7 18. Nd2 g5 19. Ng3 Qd7 20. Nf3 h6 21. c4 a6 22. d5 O-O-O 23. Bd4 e5 24. Bxe5 dxe5 25. Nxe5 Bc5+ 26. Kg2 Qe8 27. Nf7 Ne6 28. Nh5 Nf4+ 29. Rxf4 gxf4 30. Nxd8 Qxd8 31. Rf1 Rf8 32. Nxf4 Qf6 33. Qe2 Qg5 34. Nd3 Qe7 35. Rxf8+ Qxf8 36. Qf3 Qxf3+ 37. Kxf3 Kd7 38. b4 Bf8 39. e5 Ke8 40. Kf4 Bc8 41. e6 Ke7 42. Kf5 c6 43. Ne5 Kd6 44. Nf7+ Kc7 45. d6+ Bxd6 46. Nxh6 Bxb4 47. Nf7 a5 48. g5 a4 49. g6 Bf8 50. Kf6 Bxe6 51. Kxe6 Bg7 52. Ne5 b5 53. cxb5 cxb5 54. Nd3 Bxb2 55. Nxb2 a3 56. g7 axb2 57. g8=Q b1=Q 1/2-1/2

[Event "Southend"]
[Site "?"]
[Date "2002.04.01"]
[Round "7"]
[White "Coote Trevor D"]
[Black "Broomfield Lucy J"]
[Result "1-0"]
[WhiteElo "2064"]
[BlackElo "2072"]
[PlyCount "69"]
[EventDate "2002.??.??"]
[Source "www.chesslib.no"]
[SourceDate "2004.05.04"]

1. d4 f5 2. g4 fxg4 3. e4 d6 4. Be2 Nf6 5. Nc3 g6 6. h3 gxh3 7. Nxh3 Bg7 8. Be3 Nbd7 9. Nf4 Nf8 10. Nd3 e6 11. Qd2 Qe7 12. O-O-O N8d7 13. Bg5 Qf7 14. e5 dxe5 15. dxe5 Nd5 16. Nxd5 exd5 17. Bg4 Nc5 18. Bxc8 Nxd3+ 19. Qxd3 Rxc8 20. Qxd5 Qxd5 21. Rxd5 h6 22. Be3 b6 23. f4 Ke7 24. Rg1 Ke6 25. c4 Kf5 26. e6+ Kxe6 27. Rxg6+ Kf7 28. Rc6 Ke7 29. Bf2 Bf6 30. f5 Bg5+ 31. Kc2 Rcf8 32. Bd4 Bf4 33. Re6+ Kf7 34. Rd7+ Kg8 35. Rg6# 1-0

[Event "RLSW BY00/01"]
[Site "Baviera"]
[Date "2001.??.??"]
[Round "2"]
[White "Dichmann, Arno"]
[Black "Bachus, Josef"]
[Result "0-1"]
[WhiteElo "2040"]
[BlackElo "2080"]
[PlyCount "106"]
[EventDate "2001.01.28"]
[Source "www.chesslib.no"]
[SourceDate "2004.05.04"]

1. d4 f5 2. g4 fxg4 3. e4 g6 4. Bd3 Bg7 5. c3 e5 6. dxe5 Nc6 7. Qxg4 Nxe5 8. Qe2 Nxd3+ 9. Qxd3 Qe7 10. Be3 Nf6 11. Nd2 O-O 12. f3 d5 13. O-O-O dxe4 14. fxe4 Qe6 15. Ne2 Qxa2 16. Ng3 Be6 17. h3 Rad8 18. Qb5 c6 19. Qc5 Nd7 20. Qxa7 Qxa7 21. Bxa7 b6 22. Kc2 Rf2 23. Ngf1 Bh6 24. Rh2 Rxh2 25. Nxh2 Ra8 26. Ra1 Bf4 27. Nhf3 c5 28. Ra3 Bxh3 29. Nc4 Bc7 30. Ng5 Bg4 31. Ne3 h5 32. Nxg4 hxg4 33. Kd3 Ne5+ 34. Ke2 Nc4 35. Ra6 Bb8 36. b3 Ne5 37. Rxb6 Bxa7 38. Re6 Bb8 39. Re8+ Kg7 40. Rc8 c4 41. bxc4 Ra2+ 42. Kf1 Bd6 43. c5 Be7 44. Ne6+ Kf6 45. Nd4 g3 46. Kg1 g2 47. Rh8 Bxc5 48. Rh3 g5 49. Rg3 g4 50. Rxg2 Bxd4+ 51. cxd4 Nf3+ 52. Kf1 Rxg2 53. Kxg2 Nxd4 0-1

[Event "Unterfranken-ch M1"]
[Site "?"]
[Date "1999.??.??"]
[Round "7"]
[White "Roeder Hans Martin"]
[Black "Degering Florian"]
[Result "1/2-1/2"]
[WhiteElo "2085"]
[BlackElo "1970"]
[PlyCount "82"]
[EventDate "1999.??.??"]
[Source "www.chesslib.no"]
[SourceDate "2004.05.04"]

1. d4 f5 2. g4 fxg4 3. e4 d5 4. e5 c5 5. Nc3 Bf5 6. f3 e6 7. Be3 cxd4 8. Qxd4 Nc6 9. Bb5 Kf7 10. Bxc6 bxc6 11. O-O-O gxf3 12. Nxf3 h6 13. Rhf1 Ne7 14. h4 g6 15. Qf4 Bg7 16. Bc5 Qa5 17. Bb4 Qb6 18. Bd6 Nc8 19. Ba3 Rb8 20. Nd4 Ne7 21. Na4 Qc7 22. Bd6 Qa5 23. Nb3 Qb5 24. Bxb8 Qxb8 25. Rde1 g5 26. Qg3 Ng6 27. hxg5 Bxe5 28. Qg2 hxg5 29. Qxg5 Bf4+ 30. Rxf4 Qxf4+ 31. Qxf4 Nxf4 32. Nd4 Kf6 33. Rf1 Rh4 34. Nc5 Nd3+ 35. cxd3 Rxd4 36. Kd2 Ke7 37. Kc3 Rh4 38. Rg1 Rh7 39. Rg8 Kd6 40. b4 a5 41. a3 axb4+ 1/2-1/2

[Event "Budapest HUN"]
[Site "?"]
[Date "2003.10.09"]
[Round "6"]
[White "Bodrogi Laszlo"]
[Black "Lantos Attila"]
[Result "1/2-1/2"]
[WhiteElo "2069"]
[BlackElo "1978"]
[PlyCount "116"]
[EventDate "2003.??.??"]
[Source "www.chesslib.no"]
[SourceDate "2004.05.04"]

1. d4 f5 2. g4 d5 3. Bg2 c6 4. gxf5 Bxf5 5. Nc3 Nf6 6. Nh3 e6 7. Bg5 Bb4 8. O-O Bxc3 9. bxc3 O-O 10. a4 Nbd7 11. c4 Qc8 12. Re1 Ne4 13. Bh4 Nb6 14. f3 Nc3 15. Qd2 Nbxa4 16. c5 b5 17. cxb6 axb6 18. Nf2 b5 19. e4 Bg6 20. Be7 dxe4 21. fxe4 Qd7 22. Bb4 c5 23. Bxc3 Nxc3 24. Qxc3 cxd4 25. Qb4 Rac8 26. Nd3 Rxc2 27. Rf1 Rxg2+ 28. Kxg2 Bxe4+ 29. Kg1 Bf5 30. Rad1 Qd8 31. Ne1 h5 32. Qxd4 Qg5+ 33. Ng2 Rb8 34. Qe5 Ra8 35. Rd3 h4 36. Qc5 Qg6 37. Ra3 Rxa3 38. Qxa3 h3 39. Rf2 hxg2 40. Rxg2 Qe8 41. Qa7 Qf8 42. Qd4 b4 43. Rb2 Qe7 44. Rxb4 Qg5+ 45. Kf2 Kh7 46. h4 Qe7 47. Ra4 Qf6 48. Ke3 Kh6 49. Ra5 Qxd4+ 50. Kxd4 Kh5 51. Ke5 Kxh4 52. Ra8 Kg5 53. Rg8 Kg6 54. Kf4 Kf6 55. Ra8 g5+ 56. Kg3 Kg6 57. Ra5 Kf6 58. Ra6 Kg6 1/2-1/2

[Event "Rio de Janeiro CXG  R.Sa-mem"]
[Site "Rio de Janeiro"]
[Date "1999.07.03"]
[Round "9"]
[White "Carvalho, Renato"]
[Black "Assuncao, Herlon"]
[Result "1-0"]
[WhiteElo "2041"]
[BlackElo "2000"]
[PlyCount "89"]
[EventDate "1999.05.08"]
[Source "www.chesslib.no"]
[SourceDate "2004.05.04"]

1. d4 f5 2. g4 d5 3. gxf5 Bxf5 4. Bg2 c6 5. Nf3 Nf6 6. Nbd2 g6 7. c4 Bg7 8. Qb3 Qb6 9. e3 O-O 10. Ne5 Na6 11. Qc3 Qb4 12. O-O Rfd8 13. f3 Qxc3 14. bxc3 dxc4 15. e4 Be6 16. Ndxc4 Nd7 17. f4 Nxe5 18. Nxe5 c5 19. d5 Bc8 20. a4 e6 21. c4 Nb4 22. Rb1 a5 23. Be3 b6 24. Bh3 exd5 25. Bxc8 Raxc8 26. cxd5 Re8 27. Nc4 Rcd8 28. Nxb6 Rxe4 29. Bxc5 Nd3 30. Ba3 Bd4+ 31. Kh1 Bxb6 32. Rxb6 Rxa4 33. Bd6 Ra2 34. Kg1 Re8 35. f5 gxf5 36. Rxf5 Re1+ 37. Rf1 Ree2 38. Rb8+ Kg7 39. Bg3 Nc5 40. d6 Rg2+ 41. Kh1 Rgd2 42. Be5+ Kg6 43. Rg8+ Kh5 44. Rf5+ Kh4 45. Bg3+ 1-0

[Event "FRA"]
[Site "?"]
[Date "2005.05.15"]
[Round "9.2"]
[White "Lecouteux Guilhem"]
[Black "Fernandez Laura"]
[Result "1-0"]
[WhiteElo "2030"]
[BlackElo "1990"]
[PlyCount "185"]
[EventDate "2005.??.??"]
[Source "www.chesslib.no"]
[SourceDate "2004.05.04"]

1. d4 f5 2. g4 d6 3. gxf5 Bxf5 4. Nc3 Nf6 5. Bg2 c6 6. e4 Bg4 7. Qd3 Nbd7 8. Be3 e5 9. Nf3 b5 10. a3 a6 11. d5 c5 12. h3 Bxf3 13. Bxf3 Rc8 14. b4 Nb6 15. Bg5 Be7 16. Bxf6 Bxf6 17. Bh5+ Ke7 18. Bg4 Nd7 19. Ne2 Rf8 20. Ng3 g6 21. Be6 Qb6 22. Qe3 a5 23. Qh6 Rh8 24. Nh5 Rcf8 25. Bxd7 gxh5 26. Bf5 cxb4 27. axb4 a4 28. Rg1 Kd8 29. Qd2 Rhg8 30. Rxg8 Rxg8 31. Kf1 Bg5 32. Qc3 Ke7 33. Bxh7 Bh4 34. Qd2 Rg7 35. Bf5 Qc7 36. Qd3 Bxf2 37. Kxf2 Qb6+ 38. Kf3 h4 39. Bg4 Rf7+ 40. Bf5 Rg7 41. Bg4 Rf7+ 42. Kg2 Qf2+ 43. Kh1 Rf4 44. Rd1 a3 45. Qxa3 Rxe4 46. Qd3 Rf4 47. Qh7+ Rf7 48. Qg6 Rf6 49. Qh7+ Rf7 50. Qd3 Rf4 51. Bh5 Rf5 52. Bg4 Rf4 53. Qe2 Qb6 54. Rf1 Qd4 55. Rxf4 Qxf4 56. Qf3 Qc1+ 57. Qd1 Qf4 58. Qd3 e4 59. Qxb5 Qc1+ 60. Kg2 Qxc2+ 61. Be2 Qd2 62. Qc4 Qg5+ 63. Kh1 Qe5 64. Qc7+ Kf8 65. Qd8+ Kg7 66. Qd7+ Kf8 67. Qc8+ Kg7 68. Qg4+ Kf8 69. Qe6 Qf4 70. Qg4 Qc1+ 71. Kg2 Qc2 72. Qf5+ Kg8 73. Qf2 Qd2 74. b5 Qxd5 75. Qxh4 e3+ 76. Kg1 Qd2 77. Qg5+ Kh7 78. Qf5+ Kg7 79. Qf1 Qd4 80. Kg2 Qd5+ 81. Qf3 Qc5 82. Qg4+ Kf8 83. h4 d5 84. Qf5+ Kg7 85. h5 Qd4 86. Qg6+ Kf8 87. h6 Qf4 88. Qg7+ Ke8 89. Bh5+ Kd8 90. Qg8+ Ke7 91. Qe8+ Kf6 92. Qf7+ Ke5 93. Qxf4+ 1-0

[Event "Corr"]
[Site "?"]
[Date "2001.10.01"]
[Round "?"]
[White "Knoppel Bjorn"]
[Black "Kazakhov Maxim"]
[Result "1-0"]
[WhiteElo "2057"]
[BlackElo "1925"]
[PlyCount "79"]
[EventDate "2001.??.??"]
[Source "www.chesslib.no"]
[SourceDate "2004.05.04"]

1. d4 f5 2. g4 fxg4 3. Bf4 c6 4. Nc3 Qb6 5. Qd3 Qxb2 6. Rb1 Qa3 7. h3 Na6 8. Rb3 Qa5 9. hxg4 Nf6 10. Bg2 Nb4 11. Qd2 Nxg4 12. Be4 g5 13. Bxg5 Rg8 14. Nf3 h6 15. a3 Na6 16. Bf4 d6 17. Qd3 e5 18. Bh7 Rg7 19. Bd2 exd4 20. Nb5 Qa4 21. Qe4+ Kd8 22. Qf4 Ke8 23. Bd3 Nc5 24. Nc7+ Ke7 25. Nxa8 Rf7 26. Qg3 Nxb3 27. cxb3 Qxa3 28. Qh4+ Rf6 29. O-O Qxb3 30. Nxd4 Qg8 31. Kh1 Bg7 32. Bc3 Bh8 33. Nf5+ Bxf5 34. Bxf5 Qd5+ 35. e4 Qd3 36. Rc1 Ne5 37. Bxe5 Qf3+ 38. Kg1 dxe5 39. Rb1 b5 40. Ra1 1-0

[Event "otb"]
[Site "otb"]
[Date "2007.04.05"]
[Round "1"]
[White "Bury Rastislav"]
[Black "Vranova J"]
[Result "1-0"]
[WhiteElo "2140"]
[BlackElo "1820"]
[PlyCount "31"]
[Source "www.chesslib.no"]
[SourceDate "2004.05.04"]

1. d4 f5 2. g4 d5 3. g5 e6 4. Nf3 Be7 5. Bf4 h6 6. Rg1 c5 7. e3 Nc6 8. Bb5 Bd7 9. gxh6 Qa5+ 10. Nc3 gxh6 11. Ne5 Nf6 12. Bxc6 Bxc6 13. Rg7 Rg8 14. Rxg8+ Nxg8 15. Qh5+ Kd8 16. Qf7 1-0

[Event "VII Settimana degli scacchi"]
[Site "Winterthur SVI"]
[Date "2007.10.12"]
[Round "8"]
[White "Wyss, Reto"]
[Black "Gimmel, Rolf"]
[Result "1-0"]
[WhiteElo "2026"]
[BlackElo "1930"]
[PlyCount "61"]
[EventDate "2007.10.05"]
[Source "www.chesslib.no"]
[SourceDate "2004.05.04"]

1. d4 f5 2. g4 d6 3. Nc3 fxg4 4. e4 Nc6 5. Bg5 h6 6. Be3 e5 7. Bb5 exd4 8. Bxc6+ bxc6 9. Qxd4 Qf6 10. Qc4 Bd7 11. O-O-O a5 12. h3 Qe6 13. Qd3 Nf6 14. Nge2 Be7 15. Nf4 Qf7 16. e5 dxe5 17. Ng6 Rg8 18. Nxe5 Qe6 19. Qg6+ Kd8 20. Nxd7 Qxd7 21. Rxd7+ Kxd7 22. Qf5+ Ke8 23. hxg4 Kf7 24. g5 hxg5 25. Bxg5 Rh8 26. Re1 Rhe8 27. Ne4 a4 28. Nxf6 gxf6 29. Qe6+ Kg7 30. Bxf6+ Bxf6 31. Rg1+ 1-0

[Event "Caorle Open"]
[Site "Caorle ITA"]
[Date "1989.??.??"]
[Round "5"]
[White "Loebler, Heimo"]
[Black "Cazzaniga, Walter"]
[Result "0-1"]
[WhiteElo "2000"]
[BlackElo "1940"]
[PlyCount "44"]
[EventDate "1989.07.??"]
[Source "www.chesslib.no"]
[SourceDate "2004.05.04"]

1. d4 f5 2. g4 d5 3. gxf5 Bxf5 4. Bg2 Nf6 5. c4 e6 6. Qb3 Nc6 7. e3 Nb4 8. Na3 Nd3+ 9. Ke2 Bb4 10. Nf3 O-O 11. Nc2 Ba5 12. Rd1 Nxc1+ 13. Raxc1 Ne4 14. cxd5 exd5 15. Nb4 Bxb4 16. Qxb4 Bg4 17. h3 Bh5 18. Qb3 c6 19. Qxb7 Rb8 20. Qxc6 Rxb2+ 21. Rc2 Rxc2+ 22. Qxc2 Qf6 0-1

[Event "NTG"]
[Site "?"]
[Date "1999.??.??"]
[Round "?"]
[White "Sterk Michel"]
[Black "Gunnarsson Arnar E. (ISL)"]
[Result "1-0"]
[WhiteElo "1730"]
[BlackElo "2199"]
[PlyCount "175"]
[EventDate "1999.??.??"]
[Source "www.chesslib.no"]
[SourceDate "2004.05.04"]

1. d4 f5 2. g4 d5 3. gxf5 Bxf5 4. Bh3 e6 5. Bf4 Bd6 6. Bxd6 Qxd6 7. Nc3 Nc6 8. e3 O-O-O 9. Qe2 Nf6 10. O-O-O Bxh3 11. Nxh3 e5 12. dxe5 Nxe5 13. Ng5 c6 14. f4 Nc4 15. Qxc4 dxc4 16. Rxd6 Rxd6 17. Nf7 Rhd8 18. Nxd6+ Rxd6 19. e4 Nh5 20. f5 Kd7 21. Rg1 h6 22. Rg4 Ke7 23. e5 Rd7 24. Rh4 g6 25. fxg6 Ng7 26. Rxh6 Ke6 27. h4 Kxe5 28. Rh7 Kf6 29. h5 Re7 30. h6 Nf5 31. g7 Kf7 32. Rh8 Nxh6 33. Rxh6 Kxg7 34. Rh4 b5 35. Rf4 Rd7 36. a3 Rd6 37. Ne4 Rd4 38. Nc5 Rd6 39. Nb7 Rd7 40. Na5 Rd6 41. Rf5 Rh6 42. c3 Rg6 43. Rc5 Kf8 44. Rxc6 Rg1+ 45. Kc2 Ke8 46. Ra6 Kd7 47. Rxa7+ Kd6 48. Rh7 Kc5 49. Rh6 Rg2+ 50. Kb1 Re2 51. Nb7+ Kd5 52. Rd6+ Ke5 53. Rb6 Kd5 54. Rxb5+ Kc6 55. Rb4 Re5 56. Nd8+ Kc5 57. Nf7 Re7 58. Ng5 Re3 59. Ka2 Kd5 60. Rb5+ Kc6 61. Rf5 Kb6 62. Nf3 Re8 63. Nd4 Rc8 64. Rb5+ Ka6 65. Rb4 Rc7 66. Nc2 Rc6 67. Ne3 Rc5 68. Nxc4 Rc7 69. Rb6+ Ka7 70. Rb4 Rg7 71. Rb5 Rg6 72. Re5 Rg4 73. Kb3 Rh4 74. a4 Kb7 75. Re6 Rf4 76. Re5 Rg4 77. Rd5 Rg7 78. Kb4 Rf7 79. Kb5 Ka7 80. Nd6 Rf4 81. c4 Rf8 82. c5 Ka8 83. Re5 Rg8 84. Re7 Rg4 85. c6 Rg8 86. Kb6 Rh8 87. Ra7+ Kb8 88. c7# 1-0

[Event "Corr"]
[Site "?"]
[Date "2003.03.21"]
[Round "?"]
[White "Findlay Michael"]
[Black "Puleston Tim O"]
[Result "1-0"]
[WhiteElo "1950"]
[BlackElo "1966"]
[PlyCount "39"]
[EventDate "2003.??.??"]
[Source "www.chesslib.no"]
[SourceDate "2004.05.04"]

1. d4 f5 2. g4 fxg4 3. Bf4 Nf6 4. h3 d5 5. Nc3 gxh3 6. Qd3 e6 7. Nxh3 c5 8. O-O-O c4 9. Qe3 Bd6 10. Bg2 Bxf4 11. Nxf4 Kf7 12. Qg3 Nc6 13. e4 Ne7 14. Rdg1 g6 15. exd5 exd5 16. Ncxd5 Nh5 17. Nxh5 Nxd5 18. Bxd5+ Qxd5 19. Nf4 Qd6 20. Nxg6 1-0

[Event "Bergen"]
[Site "?"]
[Date "2004.08.01"]
[Round "1"]
[White "Riisem Oyvind"]
[Black "Holder Havard"]
[Result "0-1"]
[WhiteElo "1937"]
[BlackElo "1957"]
[PlyCount "54"]
[EventDate "2004.??.??"]
[Source "www.chesslib.no"]
[SourceDate "2004.05.04"]

1. d4 f5 2. g4 fxg4 3. e4 d5 4. Nc3 dxe4 5. Nxe4 Nf6 6. Bg2 Nc6 7. Be3 Nb4 8. h3 Bf5 9. a3 Bxe4 10. Bxe4 Nxe4 11. axb4 Qd5 12. Rh2 Qd6 13. Rg2 Qxb4+ 14. Kf1 Qb5+ 15. Ne2 gxh3 16. Rg4 Qf5 17. Ng3 Nxg3+ 18. Rxg3 a6 19. Rg5 Qf7 20. Qg4 g6 21. Raa5 Bh6 22. Rge5 Bxe3 23. Rxe3 O-O 24. Re2 Qf3 25. Qxf3 Rxf3 26. Rxe7 Raf8 27. Re2 Rg3 0-1

[Event "FRA-chT2S 0203"]
[Site "?"]
[Date "2003.02.??"]
[Round "7.8"]
[White "Marchand Arnault"]
[Black "Hodot Yves"]
[Result "0-1"]
[WhiteElo "1780"]
[BlackElo "2102"]
[PlyCount "80"]
[EventDate "2003.??.??"]
[Source "www.chesslib.no"]
[SourceDate "2004.05.04"]

1. d4 f5 2. g4 fxg4 3. h3 g3 4. fxg3 Nf6 5. Bg2 c5 6. e3 Qc7 7. Ne2 g6 8. Nbc3 Bg7 9. Ne4 Nxe4 10. Bxe4 Nc6 11. c3 O-O 12. Qc2 Qa5 13. Bd2 cxd4 14. exd4 d5 15. Qb3 e6 16. Bg2 Qa6 17. Rf1 Bd7 18. Nf4 Na5 19. Qc2 Bb5 20. Rg1 Rac8 21. Qd1 Nc4 22. Qg4 Nxb2 23. Bf1 Bxf1 24. Rxf1 Bh6 25. Rf3 e5 26. dxe5 Rc4 27. Kf2 Bxf4 28. gxf4 Re4 29. Kg3 Nd3 30. h4 Nxe5 31. Qg5 Nxf3 32. Qxd5+ Qe6 33. Qxe6+ Rxe6 34. Kxf3 Rd8 35. Be1 Rd3+ 36. Kf2 Re4 37. Rb1 b6 38. Rb5 Rxf4+ 39. Ke2 Rd7 40. Re5 Ra4 0-1

[Event "Southend"]
[Site "?"]
[Date "2002.03.30"]
[Round "3"]
[White "Coote Trevor D"]
[Black "Reed Duncan W"]
[Result "1-0"]
[WhiteElo "2064"]
[BlackElo "1704"]
[PlyCount "85"]
[EventDate "2002.??.??"]
[Source "www.chesslib.no"]
[SourceDate "2004.05.04"]

1. d4 f5 2. g4 fxg4 3. e4 d5 4. e5 Bf5 5. Bg2 e6 6. h3 h5 7. hxg4 Bxg4 8. Bf3 Bxf3 9. Qxf3 Nc6 10. c3 Qd7 11. Rxh5 Rxh5 12. Qxh5+ Qf7 13. Qxf7+ Kxf7 14. Nh3 Be7 15. Ke2 Kg6 16. Be3 Bh4 17. Nd2 Nge7 18. Rg1+ Kf7 19. Bg5 Nf5 20. Nf3 Rh8 21. Bxh4 Nxh4 22. Nfg5+ Ke7 23. Nf4 Nd8 24. Rg4 Kd7 25. Rg1 Nf5 26. Ng2 Nc6 27. Nf4 Nd8 28. b3 b6 29. Nf3 Rh6 30. a4 c5 31. dxc5 bxc5 32. b4 cxb4 33. cxb4 Nc6 34. b5 Na5 35. Rg5 Rh1 36. Nxd5 Rc1 37. Ne3 Nxe3 38. Rxg7+ Kc8 39. fxe3 Rc4 40. Rxa7 Rxa4 41. Nd4 Ra2+ 42. Kf3 Kb8 43. Rxa5 1-0

[Event "Corr"]
[Site "?"]
[Date "2001.05.31"]
[Round "?"]
[White "Vogel Frank"]
[Black "Capco Jose"]
[Result "1-0"]
[WhiteElo "1787"]
[BlackElo "1800"]
[PlyCount "33"]
[EventDate "2001.??.??"]
[Source "www.chesslib.no"]
[SourceDate "2004.05.04"]

1. d4 f5 2. g4 fxg4 3. Bf4 Nf6 4. Nc3 e6 5. Qd3 c5 6. e3 cxd4 7. exd4 Bb4 8. Nge2 Nc6 9. O-O-O O-O 10. d5 Bxc3 11. dxc6 Bxb2+ 12. Kxb2 Qb6+ 13. Ka1 bxc6 14. Be3 Ba6 15. Qa3 Qb7 16. Rb1 Qc8 17. Nc3 1-0

[Event "MVS-ch"]
[Site "?"]
[Date "1998.11.15"]
[Round "3"]
[White "Mueller Ralf"]
[Black "Broell Ralf"]
[Result "1/2-1/2"]
[WhiteElo "1911"]
[BlackElo "1660"]
[PlyCount "43"]
[EventDate "1998.??.??"]
[Source "www.chesslib.no"]
[SourceDate "2004.05.04"]

1. d4 f5 2. g4 fxg4 3. Nc3 d5 4. Qd3 Be6 5. Qb5+ Nd7 6. Qxb7 Qb8 7. Qc6 Bf7 8. Nxd5 Bxd5 9. Qxd5 Ngf6 10. Qc6 Qc8 11. Bf4 Rb8 12. O-O-O Kd8 13. Bg2 Rb6 14. Qc3 e6 15. d5 Bb4 16. Qg3 e5 17. Bxe5 Nxe5 18. Qxe5 Re8 19. Qd4 Qa6 20. Kb1 Ba3 21. b3 Bd6 22. c4 1/2-1/2